000 nam a22 a 4500
999 _c142524
_d142524
003 BLK
005 20230510163853.0
008 180409b bul|||||r ||||||| ||bul||
010 _aKNG00148617000
040 _aBLK
041 _aBUL
_cBUL
080 _aБългарска литература
_b821.163.2
_x-93-1
_z821.163.2-93-1
100 1 _aСтефанова, Лиляна Димитрова
_eпърви автор
_9255914
139 _aСтефанова, Лиляна Димитрова
_bС 75
245 1 0 _aКатеричке моя
_bСтихове за деца
_cЛиляна Димитрова Стефанова; худож. Иван Стефанов Богданов.
257 _aBGR
260 _aСофия
_bБълг. писател
_c1981
300 _a72 с.
_bс ил.
_c22 см
380 _aDX
500 _a15 113 тир. - 2 113 екз. от тир. подв.
700 1 _aБогданов, Иван Стефанов
_eхудож.
_9379190
852 _aЦб 262215
856 4 _qpdf
_i1.07
_ldisable
856 4 _qpdf
_i1.07
_ldisable
942 _cKNG
_n0
_02
_s1
944 _aCR
_c06.08.2013
_l06.08.2013 - от С1,Р / 06.08.2013
_kАйшегюл_Сабриева
944 _aED
_c12.09.2017
_l06.08.2013 - от С1,Р / 06.08.2013
_kВася_Ганчева
999 _d142524